Get the Picture: 'J' Best Picture Nominees Quiz Stats

 Plays Quiz not verified by Sporcle

Support Sporcle.
Go Orange.
Score 0/16 Timer 04:00
0 Plays Today
Question Answer Wrong Answers
Film
Joker
Joker
98.4%
Jerry Maguire
0%
Jaws
0%
Juno
0%
Film
Jaws
Jaws
97.7%
Jerry Maguire
0%
Juno
0%
Joker
0%
Film
Juno
Juno
97.4%
Jerry Maguire
0.2%
Jaws
0.2%
Joker
0%
Actor
Roy Scheider
Jaws
96.5%
Jerry Maguire
0.7%
Juno
0.2%
Joker
0.5%
Film
Jerry Maguire
Jerry Maguire
96.3%
Jaws
0%
Juno
0.5%
Joker
0.2%
Release Year
1975
Jaws
96.3%
Jerry Maguire
0.7%
Juno
0.2%
Joker
0%
Actor
Joaquin Phoenix
Joker
95.1%
Jerry Maguire
0.2%
Jaws
0.7%
Juno
1.2%
Release Year
2019
Joker
94.8%
Jerry Maguire
0%
Jaws
0.5%
Juno
1.9%
Release Year
1996
Jerry Maguire
91.1%
Jaws
1.6%
Juno
4%
Joker
0.7%
Actor
Renée Zellweger
Jerry Maguire
90.6%
Jaws
1.9%
Juno
4.2%
Joker
0.9%
Actor
Michael Cera
Juno
89.9%
Jerry Maguire
1.6%
Jaws
3.3%
Joker
2.6%
Release Year
2007
Juno
89.7%
Jerry Maguire
5.4%
Jaws
0%
Joker
1.9%
Oscar Winning Category
Best Actor
Joker
89.5%
Jerry Maguire
4.9%
Jaws
2.3%
Juno
0.9%
Oscar Winning Category
Best Supporting Actor
Jerry Maguire
74%
Jaws
9.1%
Juno
9.1%
Joker
5.9%
Oscar Winning Category
Best Sound Mixing
Jaws
70%
Jerry Maguire
4.7%
Juno
3.7%
Joker
18.3%
Oscar Winning Category
Best Original Screenplay
Juno
66.3%
Jerry Maguire
11%
Jaws
9.4%
Joker
11.7%

You're not logged in!

Compare scores with friends on all Sporcle quizzes.
OR
Log In

From the Vault

Don't Eat the Yellow Snow

by BetterThanKate

Even if you're pretty sure it's lemon juice, it's probably safest to just follow this rule at all times.
Remove Ads.
Support Sporcle.
Get the best of Sporcle when you Go Orange. This ad-free experience offers more features, more stats, and more fun while also helping to support Sporcle. Thank you for becoming a member.

Show Comments

Extras

Top Quizzes Today


Score Distribution

Your Account Isn't Verified!

In order to create a playlist on Sporcle, you need to verify the email address you used during registration. Go to your Sporcle Settings to finish the process.

Report this User

Report this user for behavior that violates our Community Guidelines.

Details: